000 00812nam a2200277 4500
001 0000013870
003 CO-CtgCURN
005 20250505191312.0
007 ta
008 160627s1996 000 0 eng d
040 _aCO-CtgCURN
_bspa
_ccoctgcurn
082 0 _a346.013
_bC71m
110 1 _aColombia. Leyes, etc.
245 1 0 _aCódigo del menor :
_bdecreto No. 2737 de noviembre de 1989.
260 _aBogotá :
_bLeyer,
_c1996.
300 _a246 p.
336 _2rdacontent
337 _2rdamedia
_asin mediacion
_bn
338 _2rdacarrier
_avolumen
_bnc
490 1 _aDerechos del niño
505 8 _aDecreto 2737 de 1989
650 1 4 _aDerechos del niño.
908 _a160627
942 _cBK
_h346.013
_iC71m
_2ddc
_n0
999 _c20002
_d20002